| 000 | 00863nam a2200217Ii 4500 | ||
|---|---|---|---|
| 003 | JO-AjNU | ||
| 008 | 230605s9999||||xx |||||||||||||| ||und|| | ||
| 017 | _a1980/1478 | ||
| 040 |
_aJO-AjNU _bara _erda _cJO-AjNU |
||
| 041 | _aara | ||
| 050 | 1 | 4 | _aGV1442.I26 1980 |
| 100 | 3 |
_aابن ابي حجلة، شهاب الدين أحمد بن يحى المغربي؛ تحفيق القيسي، زهير أحمد, _eauthor _934559 |
|
| 245 | 0 | 0 | _aإنموذج القتال في نقل العوال |
| 264 | 3 | 1 | _a بغداد: دار الرشيد للنشر، 1980 |
| 300 | _a361ص | ||
| 336 |
_atext _btxt _2rdacontent |
||
| 337 |
_aunmediated _bn _2rdamedia |
||
| 338 |
_avolume _bnc _2rdacarrier |
||
| 490 | 0 | _aسلسلة دراسات / منشورات وزارة الثقلفة والاعلام العراقية؛ 95 | |
| 650 | 4 |
_aالشطرنج - تاريح _934560 |
|
| 999 |
_aA14183 _c17751 _d17751 |
||